Statistics for Minecraft by Letter-H

Click here to take the quiz!

General Stats

  • This quiz has been taken 58 times
  • The average score is 7 of 10

Answer Stats

DescriptionFirst Two LettersAnswer% Correct
Other name for the netherHEHell
98%
Bee’s productHOHoney
98%
Type of toolHOHoe
95%
Rideable mobHOHorse
95%
Crafted with 9 wheatHAHaybale
88%
Type of armorHEHelmet
78%
Used in redstone contraptionsHOHopper
68%
Blue object used to craft conduitsHEHeart of the Sea
60%
Creeper, Zombie, Player, Skeleton, Dragon, Wither SkeletonHEHead
38%
Roots found in lush cavesHAHanging Roots
30%

Score Distribution

Percentile by Number Answered

Percent of People with Each Score

Your Score History

You have not taken this quiz